PHYSICS FOR SCIENTISTS & ENGINEERS / (Record no. 615131)

000 -LEADER
fixed length control field 00318nam a22001337a 4500
020 ## - INTERNATIONAL STANDARD BOOK NUMBER
Qualifying information PB.
040 ## - CATALOGING SOURCE
Transcribing agency FIZZA ISHAQ
082 ## - DEWEY DECIMAL CLASSIFICATION NUMBER
Classification number 530
Author Mark JEW
100 ## - MAIN ENTRY--PERSONAL NAME
Personal name JEWET,SERWAY.
9 (RLIN) 131054
245 ## - TITLE STATEMENT
Title PHYSICS FOR SCIENTISTS & ENGINEERS /
Statement of responsibility, etc. SERWAY JEWET.
260 ## - PUBLICATION, DISTRIBUTION, ETC.
Place of publication, distribution, etc. NEW YORK;
Date of publication, distribution, etc. 1988.
300 ## - PHYSICAL DESCRIPTION
Extent 736 P. ;
942 ## - ADDED ENTRY ELEMENTS (KOHA)
Source of classification or shelving scheme
Koha item type Book

No items available.

© 2023 Central Library, National University of Sciences and Technology. All Rights Reserved.